[Event "Mistrzostwa Polski Juniorow do lat 16 - Dziewczeta"]
[Site "Szklarska Poreba"]
[Date "1899-12-30"]
[Round "2.2"]
[White "Krzyzosiak, Anna"]
[Black "Dylag, Emilia"]
[Result "0-1"]
[WhiteTitle "I++"]
[BlackTitle "k+"]
[WhiteElo "1629"]
[BlackElo "2083"]

1. e4 c5 2. Nf3 d6 3. d4 cxd4 4. Nxd4 Nf6 5. Nc3 a6 6. Be2 e5 7. Nb3 Be7 8. O-O
O-O 9. Re1 Nbd7 10. a4 b6 11. Be3 Bb7 12. f3 Rc8 13. Nd2 d5 14. exd5 Rxc3 15.
bxc3 Nxd5 16. Bf2 Nxc3 17. Qc1 Bg5 18. Bd3 e4 19. fxe4 Ne5 20. Ra3 Qc8 21. Bd4
Nxd3 22. Qa1 Nxe1 23. Rxc3 Qd7 24. Nf3 Nxf3+ 25. Rxf3 Rd8 26. Bxb6 Qd1+ 27. Rf1
Qxa1 28. Rxa1 Rc8 0-1

[Event "Mistrzostwa Polski Juniorow do lat 16 - Dziewczeta"]
[Site "Szklarska Poreba"]
[Date "1899-12-30"]
[Round "2.3"]
[White "Wikar, Martyna"]
[Black "Kieca, Aleksandra"]
[Result "1/2-1/2"]
[WhiteTitle "k+"]
[BlackTitle "I+"]
[WhiteElo "2061"]
[BlackElo "1614"]

1. Nf3 d5 2. g3 c6 3. Bg2 Nf6 4. O-O Bf5 5. d3 h6 6. Nbd2 e6 7. c4 Be7 8. cxd5
exd5 9. b3 O-O 10. Bb2 a5 11. Re1 Na6 12. Ne5 Nc5 13. Rc1 Re8 14. Ndf3 Bh7 15.
Ba1 Bd6 16. Bh3 Na6 17. Ng4 Nxg4 18. Bxg4 Be7 19. Bh3 Nb4 20. Qd2 Bf6 21. a3 Na6
22. d4 Nc7 23. Ne5 Nb5 24. Bb2 Nxd4 25. Nxf7 Nxe2+ 26. Rxe2 Rxe2 27. Nxh6+ gxh6
28. Qxe2 Bxb2 29. Qxb2 Qe7 30. Qd2 Qg7 31. Re1 Be4 32. Bg2 Bf5 33. Qf4 Rf8 34.
Qd2 Ra8 35. b4 axb4 36. Qxb4 Rf8 37. a4 Qf7 38. Qc5 Be6 39. Qe3 Bg4 40. h3 Bh5
41. Qd2 Qf6 1/2-1/2

[Event "Mistrzostwa Polski Juniorow do lat 16 - Dziewczeta"]
[Site "Szklarska Poreba"]
[Date "1899-12-30"]
[Round "2.4"]
[White "Pisarek, Elzbieta"]
[Black "Marcinczyk, Monika"]
[Result "1/2-1/2"]
[WhiteTitle "I"]
[BlackTitle "WCM"]
[WhiteElo "1624"]
[BlackElo "2009"]

1. e4 c5 2. Nf3 e6 3. d4 cxd4 4. Nxd4 Nf6 5. Nc3 d6 6. g4 Nc6 7. Bb5 Bd7 8. Rg1
Qa5 9. Nxc6 Bxc6 10. Bxc6+ bxc6 11. Qe2 Be7 12. g5 Nd7 13. f4 Rb8 14. Qd2 O-O
15. b3 Nb6 16. Ne2 Qxd2+ 17. Bxd2 d5 18. exd5 cxd5 19. Bc3 Rbc8 20. O-O-O Bd6
21. Kb2 Rc7 22. Bd4 Rfc8 23. c3 Nd7 24. Rgf1 Bc5 25. Bxc5 Rxc5 26. Rd4 f6 27.
Rfd1 Nb6 28. gxf6 gxf6 29. R4d3 R5c7 30. Rg1+ Rg7 31. Rxg7+ Kxg7 32. Nd4 e5 33.
Nf5+ Kf8 34. fxe5 fxe5 35. Ne3 Rd8 36. Ng4 e4 37. Rd4 Ke7 38. Ne3 Rf8 39. Nxd5+
Nxd5 40. Rxd5 Rf2+ 41. Kb1 Ke6 42. Rd8 Rxh2 43. c4 Ke5 44. c5 Rh6 45. Kc2 Re6
46. Kd2 a5 47. a3 h5 48. Rh8 Kd4 49. Rxh5 Rg6 1/2-1/2

[Event "Mistrzostwa Polski Juniorow do lat 16 - Dziewczeta"]
[Site "Szklarska Poreba"]
[Date "1899-12-30"]
[Round "2.5"]
[White "Kudlak, Julia"]
[Black "Adamczyk, Zuzanna"]
[Result "0-1"]
[WhiteTitle "I"]
[BlackTitle "k"]
[WhiteElo "1612"]
[BlackElo "1979"]

1. e4 c5 2. Nf3 Nc6 3. d4 cxd4 4. Nxd4 e6 5. Nc3 a6 6. Be2 Qc7 7. O-O Nf6 8. Kh1
Bb4 9. Bg5 Bxc3 10. Bxf6 gxf6 11. bxc3 Qf4 12. Bd3 h5 13. Qf3 Qh6 14. Qh3 d6 15.
Qh4 Qg5 16. Nf3 Qg7 17. Rfd1 e5 18. Bf1 Ke7 19. Rd3 Be6 20. Rb1 Rab8 21. Nd2 Qg5
22. Qxg5 fxg5 23. Nf3 Bxa2 24. Rbd1 Bc4 25. R3d2 Bxf1 26. Rxf1 f6 27. Rfd1 Rhd8
28. Rd5 Ke6 29. h4 g4 30. Nd2 b5 31. c4 Nb4 32. Nb3 Nxd5 33. exd5+ Kf7 34. c5
dxc5 35. Nxc5 Rb6 36. Ne4 f5 37. Ng5+ Ke7 38. Rd3 Rbd6 39. Ne6 Rxe6 0-1

[Event "Mistrzostwa Polski Juniorow do lat 16 - Dziewczeta"]
[Site "Szklarska Poreba"]
[Date "1899-12-30"]
[Round "2.6"]
[White "Hertlein, Irena"]
[Black "Krzyzosiak, Marta"]
[Result "1-0"]
[WhiteTitle "k"]
[BlackTitle "I++"]
[WhiteElo "1910"]
[BlackElo "1608"]

1. d4 Nf6 2. c4 g6 3. Nc3 Bg7 4. e4 d6 5. f4 O-O 6. Bd3 c5 7. d5 e6 8. dxe6 fxe6
9. Nf3 Nc6 10. O-O Qe7 11. Ng5 Nd4 12. e5 dxe5 13. fxe5 Nd7 14. Rxf8+ Nxf8 15.
Bf4 Bxe5 16. Bxe5 Qxg5 17. Bg3 Bd7 18. Ne4 Qf5 19. Qd2 Qf7 20. Be5 Qe7 21. Bf6
Qf7 22. Rf1 Nf5 23. Be5 Bc6 24. Nf6+ Kg7 25. Ng4+ Kg8 26. Bxf5 1-0

[Event "Mistrzostwa Polski Juniorow do lat 16 - Dziewczeta"]
[Site "Szklarska Poreba"]
[Date "1899-12-30"]
[Round "2.7"]
[White "Trzaskowska, Hanna"]
[Black "Czarnecka, Lidia"]
[Result "1/2-1/2"]
[WhiteTitle "I"]
[BlackTitle "I++"]
[WhiteElo "1604"]
[BlackElo "1874"]

1. e4 c5 2. Nf3 e6 3. d4 cxd4 4. Nxd4 Nf6 5. Nc3 d6 6. Be2 a6 7. O-O Qc7 8. Kh1
b5 9. a3 Bb7 10. Bd3 Be7 11. f4 Nbd7 12. f5 e5 13. Nf3 Nb6 14. Qe1 Nc4 15. Qg3
Rg8 16. Rb1 Nxa3 17. bxa3 Qxc3 18. Bb2 Qa5 19. a4 b4 20. Bc3 Nxe4 21. Bxe4 Bxe4
22. Rxb4 Rc8 23. Rc4 Qd8 24. Ba5 Qxa5 25. Rxc8+ Bd8 26. Re1 Bxf3 27. gxf3 Kd7
28. Rc4 Bb6 29. Rb1 Bc5 30. Rb7+ Kc6 31. Rxf7 Qd2 32. Rxc5+ Kxc5 33. Qg1+ 1/2-1/2

[Event "Mistrzostwa Polski Juniorow do lat 16 - Dziewczeta"]
[Site "Szklarska Poreba"]
[Date "1899-12-30"]
[Round "2.8"]
[White "Sloniewska, Alicja"]
[Black "Jedrzejko, Martyna"]
[Result "1/2-1/2"]
[WhiteTitle "I++"]
[BlackTitle "I"]
[WhiteElo "1723"]
[BlackElo "1597"]

1. d4 d5 2. c4 c6 3. Nf3 Nf6 4. Nc3 e6 5. Bg5 Nbd7 6. cxd5 cxd5 7. e3 Be7 8. Bd3
a6 9. O-O O-O 10. Rc1 b5 11. a3 Bb7 12. Qe2 Rc8 13. Rc2 Nb6 14. Rfc1 Nc4 15. Nb1
Ne4 16. Bxe7 Qxe7 17. Nc3 Nxb2 18. Nxd5 exd5 19. Rxc8 Rxc8 20. Qxb2 g6 21. h3
Nd6 22. Rxc8+ Bxc8 23. Qb4 Kf8 24. a4 Nc4 25. Qb3 Bd7 26. axb5 axb5 27. Bf1 f6
28. Ne1 Qa3 29. Bxc4 Qa5 30. Bf1 Qxe1 31. Qxd5 Be8 32. Qd6+ Kf7 33. Qc7+ Kf8 34.
Qc5+ Kg8 35. g3 b4 36. Kg2 Qc3 37. Qe7 Bf7 38. Qxf6 b3 39. Qd8+ Kg7 40. Qb8 b2
41. Qb5 Bd5+ 42. Kg1 Bb3 43. Bd3 Bc2 44. Qe5+ Kg8 45. Qe8+ Kg7 46. Qe7+ Kg8 47.
Qe6+ Kg7 48. Qe7+ 1/2-1/2

[Event "Mistrzostwa Polski Juniorow do lat 16 - Dziewczeta"]
[Site "Szklarska Poreba"]
[Date "1899-12-30"]
[Round "2.9"]
[White "Nowak, Roksana"]
[Black "Siekanska, Zuzanna"]
[Result "0-1"]
[WhiteTitle "I"]
[BlackTitle "I++"]
[WhiteElo "1412"]
[BlackElo "1696"]

1. f4 d5 2. Nf3 e6 3. e3 Bd6 4. b3 Ne7 5. Bb2 f6 6. Be2 c5 7. O-O Nbc6 8. Bb5 Bd7
9. Bxc6 Bxc6 10. d3 Qc7 11. Nbd2 O-O-O 12. a4 d4 13. exd4 Bxf4 14. Qe2 Nf5 15.
Nc4 Rhe8 16. g3 Bxg3 17. hxg3 Nxg3 18. Qf2 Nxf1 19. Rxf1 Rd5 20. dxc5 Rh5 21.
Nd6+ Kb8 22. Bc1 Rg8 23. Bf4 e5 24. Be3 g5 25. Nh2 Rg6 26. Qg3 Rgh6 27. Ng4 Rh3
28. Qe1 Qd7 29. Nxh6 Rh1+ 30. Kf2 Rh2+ 0-1

[Event "Mistrzostwa Polski Juniorow do lat 16 - Dziewczeta"]
[Site "Szklarska Poreba"]
[Date "1899-12-30"]
[Round "2.10"]
[White "Wawrzyniak, Weronika"]
[Black "Rozumek, Paulina"]
[Result "1/2-1/2"]
[WhiteTitle "I+"]
[BlackTitle "II+"]
[WhiteElo "1648"]
[BlackElo "1091"]

1. e4 c6 2. d4 d5 3. Nc3 dxe4 4. Nxe4 Bf5 5. Ng3 Bg6 6. h4 h6 7. h5 Bh7 8. f4 e6
9. Nf3 Nf6 10. Bd3 Bxd3 11. Qxd3 Nbd7 12. Bd2 Qb6 13. O-O-O O-O-O 14. Qe2 Bd6
15. Ne5 Bxe5 16. dxe5 Nd5 17. Ne4 Kb8 18. g4 Nc5 19. Nxc5 Qxc5 20. g5 Nb4 21.
Bxb4 Qxb4 22. Qe3 Rd5 23. Rxd5 cxd5 24. Rg1 Rc8 25. Rg2 d4 26. Qd3 Qe1+ 27. Qd1
Qe4 28. Qe2 Qxf4+ 29. Kb1 Rc5 30. gxh6 gxh6 31. a3 Rxe5 32. Rg8+ Kc7 33. Qc4+
Kb6 34. Rd8 Rc5 35. Qb4+ Rb5 36. Rd6+ Kc7 37. Qxb5 Kxd6 38. Qxb7 Qf1+ 39. Ka2
a6 40. Qb6+ Kd5 41. Qd8+ Ke4 42. Qh4+ Ke3 43. Qg3+ Qf3 44. Qe5+ 1/2-1/2

[Event "Mistrzostwa Polski Juniorow do lat 16 - Dziewczeta"]
[Site "Szklarska Poreba"]
[Date "1899-12-30"]
[Round "2.11"]
[White "Kroliczek, Gabriela"]
[Black "Czernikowska, Laura"]
[Result "1-0"]
[WhiteTitle "k"]
[BlackTitle "WCM"]
[WhiteElo "1994"]
[BlackElo "1427"]

1. e4 c5 2. Nf3 e6 3. d4 cxd4 4. Nxd4 Nc6 5. Nc3 Nf6 6. Nxc6 bxc6 7. e5 Nd5 8.
Ne4 Qc7 9. f4 Be7 10. c4 Nb6 11. Qg4 Rg8 12. c5 Nd5 13. Bd2 a5 14. Rc1 Ba6 15.
Bxa6 Rxa6 16. h4 Nb4 17. Qe2 Ra8 18. a3 Nd5 19. g4 Qd8 20. g5 Qc7 21. h5 g6 22.
hxg6 hxg6 23. Rh7 Rf8 24. Qh2 Bd8 25. Nd6+ Ke7 26. Qh6 Qa7 27. Qxg6 Bc7 28. Rxf7+
Rxf7 29. Qxf7+ Kd8 30. Qe8# 1-0

[Event "Mistrzostwa Polski Juniorow do lat 16 - Dziewczeta"]
[Site "Szklarska Poreba"]
[Date "1899-12-30"]
[Round "2.12"]
[White "Zarebska, Lena"]
[Black "Mytnik, Kinga"]
[Result "1/2-1/2"]
[WhiteTitle "I++"]
[BlackTitle "I"]
[WhiteElo "1845"]
[BlackElo "1638"]

1. e4 d6 2. d4 Nf6 3. f3 e5 4. Ne2 Be7 5. c4 Nfd7 6. Be3 Bg5 7. Bf2 a5 8. Nbc3
c6 9. d5 Qc7 10. Nc1 Na6 11. Be2 Ndc5 12. O-O O-O 13. Nd3 f5 14. Kh1 Rf6 15. f4
Nxd3 16. fxg5 Nxf2+ 17. Rxf2 Rf7 18. dxc6 bxc6 19. c5 Nxc5 20. Bc4 Be6 21. Bxe6
Nxe6 22. exf5 Nxg5 23. Qd2 h6 24. Raf1 Raf8 25. Qd3 Ne6 26. Ne4 Nd4 27. f6 Qd8
28. fxg7 Rxf2 29. gxf8=R+ Rxf8 30. Qg3+ Kh8 31. Re1 Nf5 32. Qc3 Nd4 33. Qh3 Kh7
34. Qd3 Kh8 35. Ng3 Qg5 36. Ne4 Qd8 37. Qd2 1/2-1/2

[Event "Mistrzostwa Polski Juniorow do lat 16 - Dziewczeta"]
[Site "Szklarska Poreba"]
[Date "1899-12-30"]
[Round "2.13"]
[White "Bienko, Jagoda"]
[Black "Pawlak, Emilia"]
[Result "0-1"]
[WhiteTitle "I"]
[BlackTitle "I"]
[WhiteElo "1356"]
[BlackElo "1514"]

1. d4 Nf6 2. c4 c5 3. d5 b5 4. cxb5 a6 5. bxa6 g6 6. Nc3 Bxa6 7. e4 Bxf1 8. Kxf1
d6 9. Nf3 Bg7 10. g3 O-O 11. Kg2 Qa5 12. a4 Nbd7 13. Re1 Nb6 14. Nd2 c4 15. Ra3
Nfd7 16. Qe2 Ne5 17. Nf3 Nd3 18. Rd1 Qb4 19. Qc2 Nxc1 20. Rxc1 Rfb8 21. a5 Rxa5
22. Rxa5 Qxa5 23. Nd2 Rc8 24. Qb1 Nd7 25. Rc2 Ne5 26. b3 cxb3 27. Qxb3 Nd3 28.
Nc4 Rxc4 29. Qxc4 Ne1+ 30. Kg1 Nxc2 31. Nb5 Qa1+ 32. Qf1 Qxf1+ 33. Kxf1 Nd4 34.
Na3 Nf3 35. Kg2 Nd2 36. f3 Bd4 37. Nc2 Bb6 38. Nb4 Kg7 39. Nc6 Kf6 40. h3 e6 41.
e5+ dxe5 42. d6 e4 43. fxe4 Nxe4 44. d7 e5 45. d8=Q+ Bxd8 46. Nxd8 Ng5 47. h4
Ne6 48. Nc6 Kf5 49. Ne7+ Ke4 50. Ng8 Kd3 51. Nf6 e4 52. Nxh7 e3 53. Nf6 Nc5 54.
g4 e2 55. h5 gxh5 56. gxh5 e1=Q 57. h6 Qd2+ 0-1

[Event "Mistrzostwa Polski Juniorow do lat 16 - Dziewczeta"]
[Site "Szklarska Poreba"]
[Date "1899-12-30"]
[Round "2.14"]
[White "Matyjasek, Michalina"]
[Black "Mirowska, Oliwia"]
[Result "0-1"]
[WhiteTitle "I"]
[BlackTitle "k"]
[WhiteElo "1393"]
[BlackElo "1840"]

1. d4 d6 2. Nf3 f5 3. Nc3 Nf6 4. Bg5 Nbd7 5. Qd3 g6 6. e4 fxe4 7. Nxe4 Bg7 8. O-O-O
Nxe4 9. Qxe4 Nf6 10. Bxf6 Bxf6 11. h4 c6 12. h5 Bf5 13. Qe3 Qa5 14. Kb1 gxh5 15.
Qb3 O-O-O 16. Nh4 Bd7 17. Be2 Rhg8 18. Bf3 Rg5 19. d5 c5 20. Rde1 Ba4 21. Qd3
Bb5 22. c4 Qb4 23. Qb3 Qxc4 24. Qxc4 Bxc4 25. Be4 Bxd5 26. Bxh7 e6 27. Rh2 Rg4
28. Ng6 Kc7 29. f3 Rg5 30. Nf4 Be5 31. Nxd5+ exd5 32. Rh3 Rxg2 33. Rxh5 Rxb2+
34. Kc1 Rxa2 35. Bb1 Bf4+ 36. Kd1 Rd2+ 37. Kc1 Rh2+ 38. Kd1 Rxh5 39. Re7+ Rd7
40. Re2 Rg7 41. Re1 Rh2 42. Bf5 Rgg2 43. Rf1 Rd2+ 44. Kc1 Rdf2+ 45. Kb1 Rxf1#
0-1

[Event "Mistrzostwa Polski Juniorow do lat 16 - Dziewczeta"]
[Site "Szklarska Poreba"]
[Date "1899-12-30"]
[Round "2.15"]
[White "Cieslak, Jessica"]
[Black "Lukasik, Zuzanna"]
[Result "1/2-1/2"]
[WhiteTitle "I"]
[BlackTitle "I++"]
[WhiteElo "1330"]
[BlackElo "1563"]

1. d4 d5 2. c4 e6 3. Nf3 Nf6 4. Bf4 Be7 5. e3 O-O 6. Nc3 c6 7. c5 Nbd7 8. Bd3 g6
9. O-O Re8 10. b4 a6 11. Na4 b5 12. Nb2 Nh5 13. Bc2 Nxf4 14. exf4 a5 15. a3 Bb7
16. Re1 Qc7 17. Qd2 Bf8 18. g3 Bg7 19. Nd3 f6 20. Qc3 Re7 21. Re2 a4 22. Rae1
Rae8 23. Bb1 Bc8 24. Bc2 Bb7 25. Bb1 Bc8 26. Bc2 Bb7 27. Bb1 Nf8 28. Ba2 Bc8 29.
Re3 Nd7 30. R3e2 Bb7 31. Bb1 1/2-1/2

[Event "Mistrzostwa Polski Juniorow do lat 16 - Dziewczeta"]
[Site "Szklarska Poreba"]
[Date "1899-12-30"]
[Round "2.16"]
[White "Libura, Julianna"]
[Black "Franek, Diana"]
[Result "1/2-1/2"]
[WhiteTitle "I+"]
[BlackTitle "I"]
[WhiteElo "1558"]
[BlackElo "1362"]

1. e4 b6 2. d4 Bb7 3. Bd3 e6 4. Nf3 h6 5. Nbd2 c5 6. c3 d6 7. O-O Nf6 8. Re1 Be7
9. Nf1 O-O 10. Ng3 Re8 11. Bd2 Bf8 12. Qc2 e5 13. Rad1 Qc7 14. Bb5 Bc6 15. Bxc6
Nxc6 16. dxe5 dxe5 17. Nf5 Rad8 18. h3 Kh7 19. Ng3 Re7 20. Be3 Red7 21. Kf1 Qb7
22. Kg1 Qc7 23. Kf1 Qb7 24. Kg1 Qc7 25. Kf1 Qb7 26. Kg1 Qc7 27. Kf1 Qb7 28. Kg1
Qc7 29. Kf1 Qb7 30. Kg1 Qc7 1/2-1/2

[Event "Mistrzostwa Polski Juniorow do lat 16 - Dziewczeta"]
[Site "Szklarska Poreba"]
[Date "1899-12-30"]
[Round "2.17"]
[White "Retz, Agnieszka"]
[Black "Bugaj, Hanna"]
[Result "0-1"]
[WhiteTitle "II+"]
[BlackTitle "I+"]
[WhiteElo "1240"]
[BlackElo "1556"]

1. e4 e6 2. d4 d5 3. Nd2 dxe4 4. Nxe4 Nf6 5. Bd3 Nbd7 6. Nf3 Nxe4 7. Bxe4 Nf6 8.
Bd3 Be7 9. O-O O-O 10. c3 b6 11. Qe2 Bb7 12. Bf4 c5 13. dxc5 Bxc5 14. Rad1 Qc8
15. Bc2 Qc6 16. Be5 Be7 17. Rfe1 Rad8 18. Bd4 h6 19. h3 Rc8 20. Bxf6 Bxf6 21.
Be4 Qc7 22. Bxb7 Qxb7 23. Qb5 Rfd8 24. Ne5 a6 25. Qe2 b5 26. a3 Rd5 27. Qf3 Rcd8
28. Rxd5 Qxd5 29. Qxd5 Rxd5 30. Nf3 Kf8 31. Kf1 Ke7 32. Ke2 Kd6 33. Rd1 Rxd1 34.
Kxd1 Kd5 35. Kd2 e5 36. Ke3 e4 37. Nd2 Bg5+ 38. Ke2 f5 39. g3 Bxd2 40. Kxd2 g5
41. b3 f4 42. gxf4 gxf4 43. Ke2 a5 44. Kd2 a4 45. b4 Kc4 46. Kc2 e3 47. fxe3 fxe3
0-1

[Event "Mistrzostwa Polski Juniorow do lat 16 - Dziewczeta"]
[Site "Szklarska Poreba"]
[Date "1899-12-30"]
[Round "2.18"]
[White "Slusarczyk, Milena"]
[Black "Czerwinska, Oliwia"]
[Result "1/2-1/2"]
[WhiteTitle "I+"]
[BlackTitle "I"]
[WhiteElo "1537"]
[BlackElo "1355"]

1. d4 d5 2. c4 e6 3. Nc3 Nf6 4. cxd5 exd5 5. e3 Be7 6. Bd3 c6 7. Nge2 O-O 8. O-O
Nbd7 9. f3 Re8 10. e4 dxe4 11. fxe4 Nf8 12. Bc2 Ng6 13. Ng3 Be6 14. h3 Qb6 15.
b3 Rad8 16. Be3 Bb4 17. Na4 Qc7 18. Bf2 b5 19. Nb2 Bc3 20. Rb1 Bxd4 21. Bxd4 Qxg3
22. Bf2 Rxd1 23. Bxg3 Rxb1 24. Bxb1 Bd7 25. Rd1 Nf8 26. Bd6 Bc8 27. e5 N6d7 28.
Bf5 g6 29. Bg4 h5 30. Bf3 Nxe5 31. Bxe5 Rxe5 32. Bxc6 Re2 33. Nd3 Rxa2 34. Bxb5
Be6 35. Nc5 Ra5 36. Nxe6 Rxb5 37. Nxf8 Kxf8 38. Rd8+ Ke7 39. Ra8 a5 40. Ra6 Kf8
41. Kf2 Kg7 42. Ra7 g5 43. Kf1 Kg6 44. Ra6+ Kf5 45. Kf2 h4 46. Ra7 f6 47. Ra6
Ke5 48. Ke2 f5 49. Ra8 Kf4 50. Kf2 Ke4 51. Ke2 Kd4 52. Kd2 Rxb3 53. Rxa5 Rb2+
54. Ke1 Rxg2 55. Rxf5 Ke4 56. Rb5 Rg3 57. Kf2 Kf4 58. Rb4+ Kf5 59. Rb5+ Kg6 60.
Rb6+ Kh5 61. Rb5 Rxh3 62. Kg2 Rd3 63. Rb8 h3+ 64. Kh2 Kh4 65. Rh8+ Kg4 66. Rg8
Rd2+ 67. Kh1 Kh4 68. Rc8 g4 69. Rc4 Rf2 70. Rb4 Kg3 71. Rb3+ Rf3 72. Rb1 h2 73.
Rb3 Kh4 74. Rb4 Kh3 75. Rb3 Kg3 76. Rc3 Kf2 77. Rc2+ Kg3 78. Rc3 Kh4 79. Rc4 Rh3
80. Rb4 Kg5 81. Rb5+ Kf6 82. Rb6+ Ke5 83. Rb5+ Kd6 84. Rb6+ Kc5 85. Rb8 Rh4 86.
Rg8 Kd4 87. Rd8+ Ke5 88. Re8+ Kf6 89. Rg8 Kf5 90. Rf8+ 1/2-1/2

[Event "Mistrzostwa Polski Juniorow do lat 16 - Dziewczeta"]
[Site "Szklarska Poreba"]
[Date "1899-12-30"]
[Round "2.19"]
[White "Kaznowska, Weronika"]
[Black "Bartoszek, Julia"]
[Result "1-0"]
[WhiteTitle "I+"]
[BlackTitle "II+"]
[WhiteElo "1502"]
[BlackElo "1267"]

1. d4 d5 2. c4 c6 3. Nc3 Nf6 4. Bf4 Bf5 5. e3 e6 6. c5 b6 7. b4 Nbd7 8. Qa4 a5
9. b5 cxb5 10. Nxb5 Rc8 11. Bd6 bxc5 12. dxc5 Ne4 13. f3 Qh4+ 14. g3 Qf6 15. Rd1
Nc3 16. Nxc3 Qxc3+ 17. Kf2 Bc2 18. Qd4 Qxd4 19. Rxd4 Bxd6 20. cxd6 Rc6 21. Nh3
Bg6 22. Ra4 O-O 23. Rxa5 Rxd6 24. Nf4 Rc8 25. Be2 Rb6 26. Ra7 Nf6 27. Rc1 Rbb8
28. Rxc8+ Rxc8 29. g4 Bb1 30. a4 h6 31. Rb7 Bc2 32. a5 Ra8 33. a6 g5 34. a7 Kg7
35. Nxe6+ Kg6 36. Nd4 Ba4 37. Bd3+ Kg7 38. Ne6+ Kh8 39. Rb8+ 1-0

[Event "Mistrzostwa Polski Juniorow do lat 16 - Dziewczeta"]
[Site "Szklarska Poreba"]
[Date "1899-12-30"]
[Round "2.20"]
[White "Zajac, Aleksandra"]
[Black "Lochina, Justyna"]
[Result "0-1"]
[WhiteTitle "II"]
[BlackTitle "I"]
[WhiteElo "1180"]
[BlackElo "1467"]

1. e4 c5 2. Nc3 Nc6 3. g3 e6 4. Bg2 Nge7 5. d3 d5 6. f4 g6 7. h3 Bg7 8. g4 h5 9.
e5 a6 10. Nf3 Bd7 11. Ne2 hxg4 12. hxg4 Rxh1+ 13. Bxh1 Qc7 14. c3 O-O-O 15. Be3
Nb8 16. d4 c4 17. Bf2 Rh8 18. Bg2 Ng8 19. Neg1 Nh6 20. Bh3 Bf8 21. Bh4 Bc6 22.
Bf6 Rg8 23. Qd2 Nd7 24. Bg5 Rh8 25. O-O-O Qa5 26. Kb1 b5 27. Bxh6 Bxh6 28. Rf1
Kc7 29. a3 Qb6 30. Kc2 a5 31. Kd1 Rb8 32. g5 Bf8 33. Rf2 b4 34. Ke2 bxc3 35. bxc3
Qb2 36. Qxb2 Rxb2+ 37. Ke3 Rxf2 38. Kxf2 Bxa3 39. Ke2 Ba4 40. Kd2 Bb3 41. Nh2
Bb2 42. Ne2 a4 43. Nc1 a3 44. Ng4 Nb6 45. Nh6 Na4 46. Nxf7 Bxc1+ 47. Kxc1 a2 0-1

[Event "Mistrzostwa Polski Juniorow do lat 16 - Dziewczeta"]
[Site "Szklarska Poreba"]
[Date "1899-12-30"]
[Round "2.21"]
[White "Wojtas, Julia"]
[Black "Pacho, Maria"]
[Result "1-0"]
[WhiteTitle "I"]
[BlackTitle "II"]
[WhiteElo "1448"]
[BlackElo "1229"]

1. e4 c5 2. Nf3 Nc6 3. d4 cxd4 4. Nxd4 g6 5. c4 Bg7 6. Be3 Nf6 7. Nc3 d6 8. f3
O-O 9. Be2 a6 10. O-O Qc7 11. Qd2 Rd8 12. Rac1 Nxd4 13. Bxd4 Be6 14. Na4 Nd7 15.
Bxg7 Kxg7 16. b4 Nb6 17. Qd4+ 1-0

[Event "Mistrzostwa Polski Juniorow do lat 16 - Dziewczeta"]
[Site "Szklarska Poreba"]
[Date "1899-12-30"]
[Round "2.22"]
[White "Buchta, Alicja"]
[Black "Grzyb, Anna"]
[Result "0-1"]
[WhiteTitle "II"]
[BlackTitle "I"]
[WhiteElo "1162"]
[BlackElo "1404"]

1. c4 e5 2. Nc3 Nf6 3. g3 d5 4. cxd5 Nxd5 5. Bg2 Nb6 6. e3 Nc6 7. Nge2 h5 8. h4
Bg4 9. f3 Bf5 10. d4 exd4 11. Nxd4 Nxd4 12. Qxd4 Qxd4 13. exd4 O-O-O 14. Ne2 Bd3
15. a3 Bxe2 16. Kxe2 Rxd4 17. Be3 Rd8 18. Rac1 Be7 19. Rc2 Rhe8 20. Kf2 Bd6 21.
Bg5 f6 22. Bc1 Re5 23. f4 Bc5+ 24. Rxc5 Rxc5 25. Re1 Rc2+ 26. Kg1 Rd3 27. Be3
Nc4 28. Be4 Rxe3 29. Rxe3 Nxe3 30. Bxc2 Nxc2 31. Kf2 Nd4 32. Ke3 Nf5+ 33. Kf3
Nd4+ 34. Ke4 c5 35. Kd5 Kd7 36. Kxc5 Ne2 37. b4 Nxg3 38. Kd4 Nf5+ 39. Ke4 Nxh4
40. f5 Nxf5 41. Kxf5 h4 42. Kg4 g5 43. b5 f5+ 44. Kh3 Kd6 45. a4 Ke5 46. a5 0-1

[Event "Mistrzostwa Polski Juniorow do lat 16 - Dziewczeta"]
[Site "Szklarska Poreba"]
[Date "1899-12-30"]
[Round "3.1"]
[White "Adamczyk, Zuzanna"]
[Black "Goraj, Barbara"]
[Result "0-1"]
[WhiteTitle "k"]
[BlackTitle "WCM"]
[WhiteElo "1979"]
[BlackElo "2115"]

1. e4 c5 2. Nf3 Nc6 3. d4 cxd4 4. Nxd4 Nf6 5. Nc3 d6 6. Bg5 e6 7. Qd3 Be7 8. O-O-O
O-O 9. h4 a6 10. Nxc6 bxc6 11. Be2 Rb8 12. Be3 Qa5 13. Kb1 Nd7 14. f4 Nc5 15.
Bxc5 Qxc5 16. Qd4 Qa5 17. Rd3 Rb4 18. Qe3 c5 19. g4 Bd7 20. Nd1 Bc6 21. Bf3 Rfb8
22. g5 c4 23. Rc3 Qb5 24. b3 cxb3 25. cxb3 Qb7 26. Re1 a5 27. Nf2 a4 28. Bd1 Bd8
29. Bc2 Ba5 30. Rd1 Bb6 31. Qe2 axb3 32. Bxb3 Bd4 33. Rf3 Bxf2 34. Rxf2 Bxe4+
35. Ka1 Ra8 36. Rxd6 Rxb3 37. Rd8+ Rxd8 38. axb3 Qxb3 0-1

[Event "Mistrzostwa Polski Juniorow do lat 16 - Dziewczeta"]
[Site "Szklarska Poreba"]
[Date "1899-12-30"]
[Round "3.2"]
[White "Dylag, Emilia"]
[Black "Hertlein, Irena"]
[Result "0-1"]
[WhiteTitle "k+"]
[BlackTitle "k"]
[WhiteElo "2083"]
[BlackElo "1910"]

1. d4 d5 2. c4 e6 3. Nf3 c5 4. cxd5 exd5 5. Nc3 Nc6 6. e3 c4 7. Be2 Nf6 8. O-O
Bd6 9. b3 Qa5 10. Bd2 Bb4 11. Qe1 b5 12. Ne5 Nxe5 13. dxe5 Nd7 14. a3 Bxc3 15.
Bxc3 Qc7 16. bxc4 bxc4 17. f4 O-O 18. Bf3 Bb7 19. Rd1 Nc5 20. Qg3 Nd3 21. Qh4
Qc6 22. Rd2 Qh6 23. Qg3 Qg6 24. Qh3 Qh6 25. Qxh6 gxh6 26. Bd1 Bc6 27. Rf3 Rfb8
28. Rg3+ Kf8 29. Bc2 a5 30. Rh3 Ne1 31. Rxh6 Nxc2 32. Rxc2 Ba4 33. Rd2 Rb3 34.
Bd4 c3 35. Bxc3 Rxc3 36. Rxh7 Ke7 37. Rxd5 Rb8 38. Rxa5 Rb1+ 39. Kf2 Rb2+ 40.
Kg3 Rxe3+ 41. Kh4 Rxg2 42. Ra7+ Bd7 43. Rxf7+ Kxf7 44. Rxd7+ Ke6 45. Rd6+ Kf5
46. Rf6+ Ke4 47. e6 Rxh2+ 48. Kg4 Rg2+ 49. Kh4 Re1 50. Kh3 Kf3 0-1

[Event "Mistrzostwa Polski Juniorow do lat 16 - Dziewczeta"]
[Site "Szklarska Poreba"]
[Date "1899-12-30"]
[Round "3.3"]
[White "Siekanska, Zuzanna"]
[Black "Wikar, Martyna"]
[Result "1/2-1/2"]
[WhiteTitle "I++"]
[BlackTitle "k+"]
[WhiteElo "1696"]
[BlackElo "2061"]

1. d4 Nf6 2. c4 c5 3. d5 b5 4. Qc2 d6 5. e4 bxc4 6. Bxc4 g6 7. Nc3 Bg7 8. h3 O-O
9. Nf3 Ba6 10. Bxa6 Nxa6 11. Qe2 Nc7 12. O-O Nd7 13. Bf4 Rb8 14. Rfd1 Ne5 15.
Nxe5 Bxe5 16. Be3 Rb4 17. Qc2 Qb8 18. Rab1 Qb6 19. b3 Qa6 20. Bd2 Rb7 21. f4 Bd4+
22. Kh1 Kg7 23. Re1 f6 24. Be3 Bxc3 25. Qxc3 Qxa2 26. b4 cxb4 27. Qc6 Qa6 28.
Ra1 Qxc6 29. dxc6 Rb5 30. Rxa7 Rc8 31. Rc1 b3 32. Rb1 Ne8 33. Rxe7+ Kf8 34. Rb7
Rb8 35. Rxh7 Rc8 36. Rb7 Rb8 37. Rh7 Rc8 38. Rb7 Rb8 39. Rd7 Rc8 40. Rb7 Rb8 41.
Rxb8 Rxb8 42. Bd4 Ke7 43. e5 fxe5 44. fxe5 Rb4 45. Bc3 Rb5 46. Re1 Nc7 47. Bb2
Ke6 48. exd6+ Kxd6 49. Rc1 Rb6 50. Rc3 Nd5 51. Rg3 Kxc6 52. Rxg6+ Kd7 53. Rxb6
Nxb6 54. h4 Nc4 55. Bc3 b2 56. Bxb2 Nxb2 57. Kh2 Ke6 58. Kg3 Kf5 59. Kf3 Nd3 60.
g4+ Kf6 61. Ke3 Ne5 62. g5+ Kf5 63. g6 1/2-1/2

[Event "Mistrzostwa Polski Juniorow do lat 16 - Dziewczeta"]
[Site "Szklarska Poreba"]
[Date "1899-12-30"]
[Round "3.4"]
[White "Marcinczyk, Monika"]
[Black "Trzaskowska, Hanna"]
[Result "1-0"]
[WhiteTitle "WCM"]
[BlackTitle "I"]
[WhiteElo "2009"]
[BlackElo "1604"]

1. e4 e5 2. Nf3 Nc6 3. Bb5 Nge7 4. O-O g6 5. Re1 Bg7 6. d3 O-O 7. c3 a6 8. Ba4
b5 9. Bb3 Na5 10. Bc2 c5 11. Bg5 h6 12. Bh4 g5 13. Bg3 d6 14. Nbd2 f5 15. exf5
Bxf5 16. h3 Ng6 17. b4 cxb4 18. cxb4 Nc6 19. Bb3+ d5 20. Ne4 Kh8 21. Nc5 e4 22.
Nd2 exd3 23. Ne6 Bxe6 24. Rxe6 Rf6 25. Re3 Nxb4 26. Rc1 Rc8 27. a3 Nc6 28. Rxd3
Nf4 29. Bxf4 Rxf4 30. Rxd5 Qb6 31. Nf3 Na5 32. Kf1 Nc6 1-0